All time top 10 assists in the Champions League - Statistiques

Statistiques générales
  • Ce quiz a été pris 249 fois
  • Le résultat moyen est 5 sur 10
Statistiques - réponses
Players number of assists % Correct
Lionel Messi 39
97%
Cristiano Ronaldo 40
96%
Neymar 30
69%
Karim Benzema 27
67%
Xavi 31
60%
Angel Di Maria 36
46%
Raul 27
27%
Ryan Giggs 41
25%
David Beckham 36
24%
Luis Figo 34
11%
Aucun quiz correspondant
Distribution des résultats
% des personnes avec chaque résultat
Percentile par nombre de réponses
Votre historique - résultats
Vous n’avez pas pris ce quiz